Thailand vs singapore - Statistics

General Stats
  • This quiz has been taken 242 times
  • The average score is 6 of 10
Answer Stats
Question Answer % Correct
Thailand capital Bangkok
100%
Singapore currency Singapore dollar
89%
Singapore location South-east asia
81%
Thailand population 7 crore
64%
Singapore area 721.5 sq.km
57%
Thailand time zone Utc+7
53%
Singapore gdp per capita 57730 usd
51%
Thailand unemployment 1.1%
43%
Literacy of singapore 98%
43%
Poverty of thailand 20%
34%
No matching quizzes found
Score Distribution
Percent of People with Each Score
Percentile by Number Answered
Your Score History
You have not taken this quiz